000 00432cam a2200145 4500500
005 20251228105859.0
041 _afre
042 _adc
100 1 0 _aDebarbieux, Bernard
_eauthor
245 0 0 _a
260 _c2005.
500 _a57
786 0 _nL’Espace géographique | 34 | 1 | 2005-03-01 | p. II-II | 0046-2497
856 4 1 _uhttps://shs.cairn.info/revue-espace-geographique-2005-1-page-II?lang=fr&redirect-ssocas=7080
999 _c1606534
_d1606534